[Event "2. BUNDESLIGA MITTE"]
[Site "Steyregg, Fuerstenfeld/Sauwald/Villach, St. Veit/Glan, Graz"]
[Date "2015.10.02"]
[Round "1"]
[Board "1"]
[White "Kuba, Guenter"]
[Black "Frank, Paul"]
[Result "1/2-1/2"]
[WhiteElo "2361"]
[BlackElo "2167"]
[PlyCount "61"]
[EventDate "2015.10.02"]
[EventType "team"]
[EventRounds "11"]
[EventCountry "AUT"]
[WhiteTeam "SPG. Sparkasse Fuerstenfeld/Hartberg"]
[BlackTeam "ESV Admira Villach"]

1. e4 c5 2. Nf3 Nc6 3. Bb5 g6 4. Bxc6 bxc6 5. O-O Bg7 6. c3 Nh6 7. d4 Qb6 8. h3
f6 9. b3 O-O 10. Ba3 cxd4 11. cxd4 d6 12. Nc3 Nf7 13. Re1 Qa5 14. Bb2 Ng5 15.
d5 Nxf3+ 16. Qxf3 c5 17. Ne2 Bd7 18. h4 Rac8 19. Rec1 Rc7 20. h5 Qd2 21. Bc3
Qg5 22. hxg6 hxg6 23. Rc2 Rb7 24. Bd2 Qg4 25. Qxg4 Bxg4 26. f3 Bd7 27. Nf4 Kf7
28. Nd3 Bb5 29. Nb2 Rh8 30. Rd1 Rbb8 31. Nc4 1/2-1/2

[Event "2. BUNDESLIGA MITTE"]
[Site "Steyregg, Fuerstenfeld/Sauwald/Villach, St. Veit/Glan, Graz"]
[Date "2015.10.02"]
[Round "1"]
[Board "2"]
[White "Genser, Harald"]
[Black "Pilaj, Herwig"]
[Result "0-1"]
[WhiteElo "2318"]
[BlackElo "2381"]
[PlyCount "100"]
[EventDate "2015.10.02"]
[EventType "team"]
[EventRounds "11"]
[EventCountry "AUT"]
[WhiteTeam "ESV Admira Villach"]
[BlackTeam "SPG. Sparkasse Fuerstenfeld/Hartberg"]

1. d4 Nf6 2. c4 g6 3. Nc3 Bg7 4. e4 d6 5. Nf3 O-O 6. Be2 c5 7. O-O cxd4 8. Nxd4
Nc6 9. Be3 Nxd4 10. Bxd4 Bd7 11. Qd2 Bc6 12. f3 a5 13. Rfd1 Nd7 14. Be3 Nc5 15.
Rac1 b6 16. Nd5 Re8 17. Bf1 e6 18. Nc3 Be5 19. Bg5 Qb8 20. Bf4 Rd8 21. Bxe5
dxe5 22. Qxd8+ Qxd8 23. Rxd8+ Rxd8 24. Rd1 Rxd1 25. Nxd1 f5 26. exf5 exf5 27.
Kf2 Kf7 28. Ke3 g5 29. Nf2 Ke6 30. Nd3 f4+ 31. Kd2 e4 32. Nxc5+ bxc5 33. Be2
Ke5 34. Kc3 h5 35. h3 Bd7 36. b3 Bc6 37. a3 Bb7 38. Bf1 Bc6 39. Be2 Ba8 40. Bd1
Bb7 41. Be2 h4 42. fxe4 Bxe4 43. Bf3 g4 44. Bxg4 Bxg2 45. Kd3 Bf1+ 46. Kd2 Kd4
47. a4 Bd3 48. Bf3 Bf5 49. Bg2 Be4 50. Bf1 f3 0-1

[Event "2. BUNDESLIGA MITTE"]
[Site "Steyregg, Fuerstenfeld/Sauwald/Villach, St. Veit/Glan, Graz"]
[Date "2015.10.02"]
[Round "1"]
[Board "3"]
[White "Poetz, Florian"]
[Black "Perhinig, Robert"]
[Result "1/2-1/2"]
[WhiteElo "2385"]
[BlackElo "2262"]
[PlyCount "113"]
[EventDate "2015.10.02"]
[EventType "team"]
[EventRounds "11"]
[EventCountry "AUT"]
[WhiteTeam "SPG. Sparkasse Fuerstenfeld/Hartberg"]
[BlackTeam "ESV Admira Villach"]

1. e4 e6 2. d4 d5 3. e5 b6 4. c3 Qd7 5. Nh3 c5 6. Be3 Ba6 7. Bxa6 Nxa6 8. O-O
cxd4 9. cxd4 Ne7 10. Nf4 Nf5 11. Nh5 Be7 12. g4 Nxe3 13. fxe3 O-O 14. Nc3 Nb4
15. Qe2 f6 16. exf6 Bxf6 17. Nxf6+ Rxf6 18. Rxf6 gxf6 19. a3 Nc6 20. Rf1 Rf8
21. Qb5 Rf7 22. Kh1 Kg7 23. Ne2 Kh8 24. Ng3 Ne5 25. Qxd7 Nxd7 26. Rc1 Kg7 27.
Rc7 Nf8 28. Nh5+ Kg6 29. Nf4+ Kg7 30. Nh5+ Kg6 31. Nf4+ Kg7 32. Rc6 Re7 33. Kg2
Kf7 34. Kf2 Ng6 35. Nh5 Rd7 36. Rc8 Re7 37. h3 e5 38. dxe5 Nxe5 39. Nf4 Rd7 40.
Rc2 d4 41. exd4 Rxd4 42. Rc7+ Rd7 43. Rxd7+ Nxd7 44. Ke3 f5 45. g5 Ne5 46. b3
Kg7 47. b4 h6 48. gxh6+ Kxh6 49. a4 Kg7 50. Ne6+ Kf6 51. Nd4 Ng6 52. Nf3 Ne7
53. Kd4 Nc6+ 54. Kd5 Nxb4+ 55. Kc4 Nc6 56. Kd5 Nb4+ 57. Kc4 1/2-1/2

[Event "2. BUNDESLIGA MITTE"]
[Site "Steyregg, Fuerstenfeld/Sauwald/Villach, St. Veit/Glan, Graz"]
[Date "2015.10.02"]
[Round "1"]
[Board "4"]
[White "Bartl, Ulf"]
[Black "Kiss, Attila"]
[Result "1/2-1/2"]
[WhiteElo "1954"]
[BlackElo "2379"]
[PlyCount "109"]
[EventDate "2015.10.02"]
[EventType "team"]
[EventRounds "11"]
[EventCountry "AUT"]
[WhiteTeam "ESV Admira Villach"]
[BlackTeam "SPG. Sparkasse Fuerstenfeld/Hartberg"]

1. d4 Nf6 2. c4 e6 3. g3 d5 4. Bg2 Be7 5. Nf3 O-O 6. Qc2 Nbd7 7. O-O c6 8. b3
b6 9. Bb2 Ba6 10. Re1 Rc8 11. Nbd2 c5 12. cxd5 cxd4 13. Qb1 Nxd5 14. Nxd4 Bb4
15. Bxd5 exd5 16. Rd1 Re8 17. a3 Bf8 18. e3 Ne5 19. Ra2 Bd3 20. Qa1 Qd7 21. Kg2
h5 22. h4 Qg4 23. f3 Qg6 24. Nf1 Bd6 25. Rd2 Nd7 26. Ne2 Nc5 27. Qd1 Bb8 28.
Bd4 Ba6 29. Rac2 Ne6 30. Rxc8 Rxc8 31. Bb2 Bb7 32. Nd4 Ba6 33. Ne2 Rc5 34. b4
Rc8 35. Rxd5 Bb7 36. Rd2 Ba6 37. Kf2 Bc4 38. Qc2 Qh6 39. Qf5 Re8 40. Be5 Bxe5
41. Qxe5 Qg6 42. Qc3 Ba6 43. Qc2 Qf6 44. Rd5 Rc8 45. Qf5 Qxf5 46. Rxf5 Rc2 47.
b5 g6 48. Rd5 Bb7 49. Rd2 Rc4 50. Nd4 Nc5 51. Rc2 Ra4 52. Rc3 Bd5 53. Nd2 Kf8
54. Ke2 Ke7 55. Kf2 1/2-1/2

[Event "2. BUNDESLIGA MITTE"]
[Site "Steyregg, Fuerstenfeld/Sauwald/Villach, St. Veit/Glan, Graz"]
[Date "2015.10.02"]
[Round "1"]
[Board "5"]
[White "Radnetter, Georg"]
[Black "Eder, Robert"]
[Result "1-0"]
[WhiteElo "2323"]
[BlackElo "1837"]
[PlyCount "53"]
[EventDate "2015.10.02"]
[EventType "team"]
[EventRounds "11"]
[EventCountry "AUT"]
[WhiteTeam "SPG. Sparkasse Fuerstenfeld/Hartberg"]
[BlackTeam "ESV Admira Villach"]

1. Nf3 Nf6 2. g3 g6 3. Bg2 Bg7 4. O-O O-O 5. d4 d5 6. c3 c6 7. Nbd2 Nbd7 8. Re1
b6 9. e4 Bb7 10. e5 Ne8 11. e6 fxe6 12. Ng5 Nc7 13. Nxe6 Nxe6 14. Rxe6 Re8 15.
Nf3 Nf8 16. Re1 Nd7 17. Bf4 Bc8 18. h4 Nf6 19. Ng5 Nh5 20. Be5 Bxe5 21. Rxe5
Qd6 22. Qe2 h6 23. Ne6 Ng7 24. Bh3 a5 25. Re1 Rb8 26. Qd3 Kh7 27. h5 1-0

[Event "2. BUNDESLIGA MITTE"]
[Site "Steyregg, Fuerstenfeld/Sauwald/Villach, St. Veit/Glan, Graz"]
[Date "2015.10.02"]
[Round "1"]
[Board "6"]
[White "Ressmann, Walter"]
[Black "Hatzl, Johannes"]
[Result "0-1"]
[WhiteElo "1880"]
[BlackElo "2081"]
[PlyCount "106"]
[EventDate "2015.10.02"]
[EventType "team"]
[EventRounds "11"]
[EventCountry "AUT"]
[WhiteTeam "ESV Admira Villach"]
[BlackTeam "SPG. Sparkasse Fuerstenfeld/Hartberg"]

1. d4 d5 2. Nf3 c6 3. Bf4 Nf6 4. e3 Qb6 5. Qc1 e6 6. Bxb8 Rxb8 7. Bd3 c5 8. c3
Bd6 9. Nbd2 O-O 10. h3 Qc7 11. g4 b6 12. Qb1 g6 13. g5 Nh5 14. Be2 Bb7 15. Qd1
f5 16. Ng1 f4 17. Bxh5 fxe3 18. Bf3 exd2+ 19. Qxd2 Bf4 20. Qe2 Rbe8 21. dxc5
Qxc5 22. h4 e5 23. Nh3 e4 24. Bg2 e3 25. O-O-O exf2+ 26. Nxf4 Rxe2 27. Nxe2
Qe3+ 28. Rd2 Ba6 29. Bf1 Qe4 30. Ng3 Qe1+ 31. Kc2 Bc8 32. Bg2 Bf5+ 33. Nxf5
Rxf5 34. Rf1 Kg7 35. Rd1 Qe3 36. Rd3 Qf4 37. Rd4 Qe3 38. Rd3 Qc5 39. Rd4 Qb5
40. Bh3 Rf3 41. Bg2 Rf5 42. a4 Qe2+ 43. Kb3 a5 44. Rfd1 f1=Q 45. Bxf1 Rxf1 46.
R4d2 Qe6 47. Rxd5 Rf5 48. c4 Rxd5 49. cxd5 Qd6 50. Rd4 Qc5 51. Rd3 Qb4+ 52. Kc2
Qxa4+ 53. b3 Qxh4 0-1

[Event "2. BUNDESLIGA MITTE"]
[Site "Steyregg, Fuerstenfeld/Sauwald/Villach, St. Veit/Glan, Graz"]
[Date "2015.10.02"]
[Round "1"]
[Board "1"]
[White "Freitag, Manfred"]
[Black "Kovacs, Gabor"]
[Result "1/2-1/2"]
[WhiteElo "2378"]
[BlackElo "2463"]
[PlyCount "63"]
[EventDate "2015.10.02"]
[EventType "team"]
[EventRounds "11"]
[EventCountry "AUT"]
[WhiteTeam "ESV Austria Graz"]
[BlackTeam "SV Steyregg"]

1. d4 {[%emt 0:00:00]} d5 2. c4 e6 3. Nc3 Be7 4. cxd5 exd5 5. Bf4 c6 6. Qc2 Bd6
7. Bxd6 Qxd6 8. e3 Qg6 9. Qxg6 hxg6 10. f3 Ne7 11. Kf2 Nd7 12. Bd3 Nf6 13. Nge2
Bf5 14. Bxf5 gxf5 15. Nf4 Nc8 16. Nd3 Nd6 17. h3 Nd7 18. Rac1 Nb6 19. b3 Ke7
20. a4 Nd7 21. Ne2 Nf8 22. Nc5 Ne6 23. Rhe1 Rhe8 24. g4 Rab8 25. Nf4 Nxf4 26.
exf4+ Kd8 27. Kg3 Rc8 28. Re5 fxg4 29. hxg4 Rc7 30. Rce1 g6 31. Nd3 Rce7 32.
Nc5 1/2-1/2

[Event "2. BUNDESLIGA MITTE"]
[Site "Steyregg, Fuerstenfeld/Sauwald/Villach, St. Veit/Glan, Graz"]
[Date "2015.10.02"]
[Round "1"]
[Board "2"]
[White "Nemeth, Miklos"]
[Black "Karner, Christoph"]
[Result "1-0"]
[WhiteElo "2480"]
[BlackElo "2308"]
[PlyCount "97"]
[EventDate "2015.10.02"]
[EventType "team"]
[EventRounds "11"]
[EventCountry "AUT"]
[WhiteTeam "SV Steyregg"]
[BlackTeam "ESV Austria Graz"]

1. e4 {[%emt 0:00:00]} c5 {[%emt 0:00:00]} 2. Nf3 d6 3. d4 cxd4 4. Nxd4 Nf6 5.
Nc3 a6 6. Bg5 e6 7. f4 Qb6 8. Qd3 Nc6 9. Bxf6 gxf6 10. Nb3 Bd7 11. Be2 h5 12.
O-O-O O-O-O 13. Rhe1 Kb8 14. Kb1 Be7 15. Qh3 Na5 16. f5 Nxb3 17. axb3 Rc8 18.
Bc4 d5 19. exd5 e5 20. d6 Bf8 21. Bxf7 Rd8 22. Qh4 Bxd6 23. Qxf6 Bc7 24. Qg7
Bc6 25. Bd5 e4 26. Nxe4 Bxh2 27. g3 h4 28. gxh4 Bxd5 29. Rxd5 Rxh4 30. Rxd8+
Qxd8 31. Nc5 Qd5 32. f6 Qxc5 33. f7 Bd6 34. f8=Q+ Bxf8 35. Qg3+ Bd6 36. Qxh4 a5
37. Qd8+ Ka7 38. Rd1 Bc7 39. Qd7 Bb6 40. Rd5 Qg1+ 41. Ka2 Qf2 42. c3 Qc2 43.
Qb5 Qg2 44. Rd6 Qf2 45. b4 axb4 46. Qxb4 Qf7+ 47. c4 Qc7 48. Re6 Ba5 49. Qb5
 1-0

[Event "2. BUNDESLIGA MITTE"]
[Site "Steyregg, Fuerstenfeld/Sauwald/Villach, St. Veit/Glan, Graz"]
[Date "2015.10.02"]
[Round "1"]
[Board "3"]
[White "Kotz, Heinz Peter"]
[Black "Enoeckl, Philipp"]
[Result "0-1"]
[WhiteElo "2291"]
[BlackElo "2362"]
[PlyCount "76"]
[EventDate "2015.10.02"]
[EventType "team"]
[EventRounds "11"]
[EventCountry "AUT"]
[WhiteTeam "ESV Austria Graz"]
[BlackTeam "SV Steyregg"]

1. e4 e6 2. d4 d5 3. Nd2 Nf6 4. e5 Nfd7 5. f4 c5 6. c3 Nc6 7. Ndf3 Qb6 8. a3
cxd4 9. cxd4 Na5 10. g4 Qb3 11. Bd2 Qxd1+ 12. Rxd1 Nc4 13. Bc1 Ndb6 14. Ne2 Bd7
15. Nc3 Rc8 16. Rd3 Be7 17. Rg1 O-O 18. Nd2 Rc7 19. Nxc4 Nxc4 20. Rh3 Rfc8 21.
f5 Nxa3 22. Bd3 g6 23. f6 Bb4 24. Rgg3 Bb5 25. Ke2 Bxd3+ 26. Rxd3 Nb1 27. Bd2
Nxd2 28. Kxd2 Bf8 29. g5 a6 30. Rh4 b5 31. Rdh3 h5 32. Ne2 Rc2+ 33. Kd1 Bb4 34.
Rd3 Rxb2 35. Nf4 a5 36. Nxh5 gxh5 37. Rxh5 Rc3 38. Rxc3 Bxc3 0-1

[Event "2. BUNDESLIGA MITTE"]
[Site "Steyregg, Fuerstenfeld/Sauwald/Villach, St. Veit/Glan, Graz"]
[Date "2015.10.02"]
[Round "1"]
[Board "4"]
[White "Kirschner, Alexander"]
[Black "Ebner, Hubert"]
[Result "0-1"]
[WhiteElo "2186"]
[BlackElo "2229"]
[PlyCount "78"]
[EventDate "2015.10.02"]
[EventType "team"]
[EventRounds "11"]
[EventCountry "AUT"]
[WhiteTeam "SV Steyregg"]
[BlackTeam "ESV Austria Graz"]

1. c4 g6 2. Nc3 Bg7 3. g3 d6 4. Bg2 Nf6 5. d4 O-O 6. Nf3 c6 7. O-O Nbd7 8. e4
e5 9. h3 Qb6 10. c5 dxc5 11. dxe5 Ne8 12. e6 fxe6 13. Ng5 Ne5 14. f4 Nf7 15.
Nxf7 Bd4+ 16. Kh1 Rxf7 17. e5 Qc7 18. Ne4 b6 19. Qg4 Ng7 20. a4 Ba6 21. Rd1 Nf5
22. Ra3 Bc4 23. Qg5 Be2 24. Rd2 Bh5 25. Nf6+ Rxf6 26. Qxf6 Qd7 27. g4 Rf8 28.
Qxf8+ Kxf8 29. gxh5 Qe7 30. Re2 Qh4 31. Kh2 Qxh5 32. Bf3 Qh4 33. Bxc6 Bg1+ 34.
Kxg1 Nd4 35. Rf2 Nxc6 36. Kg2 Qd8 37. Rd2 Nd4 38. Rad3 Qa8+ 39. Kf2 Qe4 0-1

[Event "2. BUNDESLIGA MITTE"]
[Site "Steyregg, Fuerstenfeld/Sauwald/Villach, St. Veit/Glan, Graz"]
[Date "2015.10.02"]
[Round "1"]
[Board "5"]
[White "Fahrner, Kurt"]
[Black "Wiesinger, Robert"]
[Result "1-0"]
[WhiteElo "2294"]
[BlackElo "2176"]
[PlyCount "65"]
[EventDate "2015.10.02"]
[EventType "team"]
[EventRounds "11"]
[EventCountry "AUT"]
[WhiteTeam "ESV Austria Graz"]
[BlackTeam "SV Steyregg"]

1. g3 e5 2. Bg2 Nf6 3. d3 d5 4. Nf3 Nc6 5. O-O Be7 6. a3 a5 7. Nc3 O-O 8. e4
dxe4 9. dxe4 b6 10. Nd5 Ba6 11. Re1 Nd7 12. b3 Re8 13. Bb2 Bf8 14. Qd2 Nc5 15.
Rad1 f6 16. Qc3 Bd6 17. b4 axb4 18. axb4 Na4 19. Qxc6 Nxb2 20. b5 Nxd1 21. Rxd1
Bxb5 22. Qxb5 Ra5 23. Qb3 Kh8 24. Nh4 Qa8 25. Nf5 Rd8 26. Nxb6 Qa6 27. Qf7 Rg8
28. Nd5 Ra1 29. Rxa1 Qxa1+ 30. Bf1 Qa2 31. Bd3 Bc5 32. Qxc7 Qa3 33. Kg2 1-0

[Event "2. BUNDESLIGA MITTE"]
[Site "Steyregg, Fuerstenfeld/Sauwald/Villach, St. Veit/Glan, Graz"]
[Date "2015.10.02"]
[Round "1"]
[Board "6"]
[White "Leichtfried, Hans-Martin"]
[Black "Spindelboeck, Gernot"]
[Result "0-1"]
[WhiteElo "2062"]
[BlackElo "2262"]
[PlyCount "80"]
[EventDate "2015.10.02"]
[EventType "team"]
[EventRounds "11"]
[EventCountry "AUT"]
[WhiteTeam "SV Steyregg"]
[BlackTeam "ESV Austria Graz"]

1. d4 Nf6 2. Nf3 g6 3. g3 Bg7 4. Bg2 O-O 5. O-O d6 6. Nbd2 Nc6 7. e4 e5 8. dxe5
dxe5 9. c3 Be6 10. Qe2 Qe7 11. a4 a5 12. b3 Rfd8 13. Ng5 Bg4 14. Qe3 h6 15.
Ngf3 Be6 16. Ba3 Qd7 17. Rfe1 Qd3 18. Bf1 Qxe3 19. Rxe3 Bf8 20. Bxf8 Kxf8 21.
Bb5 Nd7 22. Rb1 f6 23. Kg2 Ke7 24. Bc4 Nb6 25. Bxe6 Kxe6 26. Kf1 g5 27. g4 h5
28. h3 Rd7 29. Ke1 Ne7 30. Ng1 Ng6 31. Ne2 Rad8 32. Rb2 Nf4 33. Nxf4+ gxf4 34.
Re2 Rd3 35. f3 Rxc3 36. Kf2 hxg4 37. hxg4 Rdd3 38. Re1 Nd7 39. Rh1 Nc5 40. Rh6
Kf7 0-1

[Event "2. BUNDESLIGA MITTE"]
[Site "Steyregg, Fuerstenfeld/Sauwald/Villach, St. Veit/Glan, Graz"]
[Date "2015.10.03"]
[Round "2"]
[Board "1"]
[White "Knechtel, Roland"]
[Black "Reichmann, Egon"]
[Result "1/2-1/2"]
[WhiteElo "2287"]
[BlackElo "2267"]
[PlyCount "110"]
[EventDate "2015.10.02"]
[EventType "team"]
[EventRounds "11"]
[EventCountry "AUT"]
[WhiteTeam "SPG Sauwald 2"]
[BlackTeam "SV Wolfsberg"]

1. d4 d5 2. c4 c6 3. Nf3 e6 4. cxd5 exd5 5. Qc2 Nf6 6. Bg5 Be7 7. e3 Ne4 8. Bf4
Bb4+ 9. Nfd2 Bf5 10. Bd3 Nxd2 11. Nxd2 Bxd2+ 12. Qxd2 Bxd3 13. Qxd3 Qa5+ 14.
Qd2 Qxd2+ 15. Kxd2 Nd7 16. Kd3 O-O 17. Rac1 Rfe8 18. Rhd1 Nf6 19. Ke2 Ne4 20.
Rd3 g5 21. Be5 f6 22. Bc7 Rac8 23. Ba5 Nd6 24. Bb4 Nc4 25. b3 Nb6 26. a4 Nd7
27. h3 Re6 28. Bd2 Rce8 29. Rdc3 Kf7 30. Kd3 Kg6 31. R3c2 f5 32. f3 g4 33. hxg4
fxg4 34. Rg1 Nf6 35. Bc1 h5 36. Re2 h4 37. Rh1 h3 38. gxh3 gxf3 39. Rf2 Ne4 40.
Rxf3 Rf6 41. Rg1+ Kf7 42. Rgf1 Rh8 43. Rxf6+ Nxf6 44. Rf3 Ke6 45. Bd2 Ne4 46.
Be1 Ng5 47. Rg3 Kf5 48. h4 Rxh4 49. Rxg5+ Kxg5 50. Bxh4+ Kxh4 51. a5 Kg5 52. b4
Kf5 53. Kd2 Kg4 54. Ke2 Kg5 55. Kf2 Kf6 1/2-1/2

[Event "2. BUNDESLIGA MITTE"]
[Site "Steyregg, Fuerstenfeld/Sauwald/Villach, St. Veit/Glan, Graz"]
[Date "2015.10.03"]
[Round "2"]
[Board "2"]
[White "Hresc, Vladimir"]
[Black "Stadler, Alexander"]
[Result "1-0"]
[WhiteElo "2354"]
[BlackElo "2113"]
[PlyCount "107"]
[EventDate "2015.10.02"]
[EventType "team"]
[EventRounds "11"]
[EventCountry "AUT"]
[WhiteTeam "SV Wolfsberg"]
[BlackTeam "SPG Sauwald 2"]

1. e4 d6 2. d4 Nf6 3. Nc3 e5 4. Nf3 Nbd7 5. Bc4 Be7 6. O-O O-O 7. Re1 c6 8. a4
a5 9. h3 exd4 10. Qxd4 Nc5 11. Bf1 Be6 12. Bg5 h6 13. Bh4 Nh5 14. Bxe7 Qxe7 15.
e5 Na6 16. exd6 Qf6 17. Bxa6 Rxa6 18. Ne4 Qxd4 19. Nxd4 Rd8 20. Nc5 Rb6 21.
Ndxe6 fxe6 22. Rxe6 Rxb2 23. d7 Nf6 24. Rae1 Nxd7 25. Rd6 Nxc5 26. Rxd8+ Kf7
27. Ra8 Nxa4 28. Rxa5 Nc3 29. Ra7 Kf6 30. Re3 Rxc2 31. Rxb7 Ne2+ 32. Kh2 Nd4
33. Re4 Ne6 34. f3 Nc5 35. Rf4+ Ke5 36. Rbf7 Ne6 37. Re4+ Kd6 38. h4 c5 39. f4
c4 40. f5 Nc5 41. Re1 c3 42. Rxg7 Rf2 43. Rg3 c2 44. Rc3 Na4 45. Rd3+ Kc5 46.
Rf3 Re2 47. Rc1 Nb6 48. Rc3+ Kd4 49. R3xc2 Re4 50. Rd1+ Ke5 51. Rc5+ Kf4 52. f6
Kg4 53. f7 Rf4 54. Rd4 1-0

[Event "2. BUNDESLIGA MITTE"]
[Site "Steyregg, Fuerstenfeld/Sauwald/Villach, St. Veit/Glan, Graz"]
[Date "2015.10.03"]
[Round "2"]
[Board "3"]
[White "Maier, Christoph"]
[Black "Toefferl, Heimo"]
[Result "1/2-1/2"]
[WhiteElo "2125"]
[BlackElo "2035"]
[PlyCount "103"]
[EventDate "2015.10.02"]
[EventType "team"]
[EventRounds "11"]
[EventCountry "AUT"]
[WhiteTeam "SPG Sauwald 2"]
[BlackTeam "SV Wolfsberg"]

1. e4 {[%emt 0:00:00]} e6 {[%emt 0:00:00]} 2. d4 d5 3. Nd2 Nc6 4. Ngf3 Nf6 5.
e5 Nd7 6. c3 f6 7. exf6 Qxf6 8. Bd3 Bd6 9. O-O O-O 10. b4 Ne7 11. Nb3 e5 12.
Bg5 Qf7 13. dxe5 Nxe5 14. Nxe5 Bxe5 15. Nd4 Nf5 16. Nxf5 Bxf5 17. Bxf5 Qxf5 18.
Qxd5+ Kh8 19. Qd2 Rf7 20. Rad1 Bxc3 21. Qxc3 Qxg5 22. Rd3 Raf8 23. Qb2 a6 24.
a3 c5 25. Rh3 cxb4 26. Qxb4 h6 27. Rg3 Qe5 28. Rd3 Qe2 29. Rd2 Qe5 30. Rfd1 Qf6
31. f3 Qg5 32. Kh1 Re8 33. h3 Rfe7 34. Rd8 Rxd8 35. Rxd8+ Kh7 36. Qb1+ g6 37.
Rb8 Qd5 38. Qa1 Rg7 39. Qf6 Qc5 40. f4 Qe7 41. Qb2 h5 42. a4 h4 43. Qf2 Rf7 44.
Rc8 Kg7 45. Rb8 Qf6 46. a5 g5 47. Qc5 Qxf4 48. Qc8 Qf1+ 49. Kh2 Qf4+ 50. Kh1
Qf1+ 51. Kh2 Qf4+ 52. Kh1 1/2-1/2

[Event "2. BUNDESLIGA MITTE"]
[Site "Steyregg, Fuerstenfeld/Sauwald/Villach, St. Veit/Glan, Graz"]
[Date "2015.10.03"]
[Round "2"]
[Board "4"]
[White "Waldmann, Gerald"]
[Black "Lang, Josef Jun."]
[Result "1/2-1/2"]
[WhiteElo "2123"]
[BlackElo "2064"]
[PlyCount "38"]
[EventDate "2015.10.02"]
[EventType "team"]
[EventRounds "11"]
[EventCountry "AUT"]
[WhiteTeam "SV Wolfsberg"]
[BlackTeam "SPG Sauwald 2"]

1. e4 d5 2. exd5 Qxd5 3. Nc3 Qa5 4. d4 Nf6 5. Nf3 Bg4 6. h3 Bh5 7. g4 Bg6 8.
Ne5 Nbd7 9. Nc4 Qa6 10. Be3 Ne4 11. Ne5 Nxc3 12. bxc3 Qa5 13. Nxg6 hxg6 14. Qd3
O-O-O 15. Bg2 Ne5 16. Qd2 Nc4 17. Qd3 Ne5 18. Qd2 Nc4 19. Qd3 Ne5 1/2-1/2

[Event "2. BUNDESLIGA MITTE"]
[Site "Steyregg, Fuerstenfeld/Sauwald/Villach, St. Veit/Glan, Graz"]
[Date "2015.10.03"]
[Round "2"]
[Board "5"]
[White "Zauner, Christoph"]
[Black "Stagl, Marco"]
[Result "0-1"]
[WhiteElo "2041"]
[BlackElo "2057"]
[PlyCount "106"]
[EventDate "2015.10.02"]
[EventType "team"]
[EventRounds "11"]
[EventCountry "AUT"]
[WhiteTeam "SPG Sauwald 2"]
[BlackTeam "SV Wolfsberg"]

1. Nf3 c5 2. e4 d6 3. Bb5+ Nd7 4. O-O a6 5. Bd3 b5 6. c4 b4 7. Bc2 e5 8. a3
bxa3 9. Rxa3 Bb7 10. Nc3 Ngf6 11. d3 Be7 12. Bd2 O-O 13. Qe2 Nb8 14. Nd5 Nxd5
15. cxd5 f5 16. Ba5 Qc8 17. Nd2 Bd8 18. Nc4 Bxa5 19. Nxa5 Qc7 20. Nxb7 Qxb7 21.
Ba4 Qc7 22. Rfa1 f4 23. f3 Rf7 24. Qd2 Qd8 25. Bb5 Rfa7 26. Bc4 Qb6 27. Qa5
Qxa5 28. Rxa5 Kf7 29. g3 g5 30. Kf2 Kf6 31. Ke2 Rb7 32. b3 Rb6 33. Kd2 Ra7 34.
Ke2 h5 35. gxf4 exf4 36. h3 Ke5 37. R5a4 Rg7 38. R1a3 g4 39. hxg4 hxg4 40. fxg4
Rxg4 41. Bxa6 Nxa6 42. Rxa6 Rxa6 43. Rxa6 Rg2+ 44. Ke1 Rb2 45. Rb6 f3 46. Kf1
Kf4 47. Rxd6 Ke3 48. Kg1 f2+ 49. Kg2 Rb1 50. Rf6 Rg1+ 51. Kh2 f1=Q 52. Rxf1
Rxf1 53. d6 Kd4 0-1

[Event "2. BUNDESLIGA MITTE"]
[Site "Steyregg, Fuerstenfeld/Sauwald/Villach, St. Veit/Glan, Graz"]
[Date "2015.10.03"]
[Round "2"]
[Board "6"]
[White "Schoenangerer, Herbert"]
[Black "Endtmayer, Bernhard"]
[Result "1-0"]
[WhiteElo "2047"]
[BlackElo "1984"]
[PlyCount "45"]
[EventDate "2015.10.02"]
[EventType "team"]
[EventRounds "11"]
[EventCountry "AUT"]
[WhiteTeam "SV Wolfsberg"]
[BlackTeam "SPG Sauwald 2"]

1. e4 d5 2. Nc3 d4 3. Nce2 e5 4. d3 Bd6 5. g3 c5 6. Bg2 Nc6 7. f4 f6 8. Nf3 Bd7
9. Bd2 Nge7 10. O-O Qc7 11. Rc1 exf4 12. Nxf4 Ne5 13. c3 Qb6 14. cxd4 cxd4 15.
Nxe5 Bxe5 16. b4 Qa6 17. Qb3 Bxf4 18. Bxf4 Ng6 19. Qd5 Nxf4 20. gxf4 Qb6 21. e5
Rb8 22. Rfe1 f5 23. e6 1-0

[Event "2. BUNDESLIGA MITTE"]
[Site "Steyregg, Fuerstenfeld/Sauwald/Villach, St. Veit/Glan, Graz"]
[Date "2015.10.03"]
[Round "2"]
[Board "1"]
[White "Flumbort, Andras Dr."]
[Black "Schachinger, Mario"]
[Result "1/2-1/2"]
[WhiteElo "2471"]
[BlackElo "2434"]
[PlyCount "63"]
[EventDate "2015.10.02"]
[EventType "team"]
[EventRounds "11"]
[EventCountry "AUT"]
[WhiteTeam "ASK Case IH SteyrSt. Valentin"]
[BlackTeam "SC MPOE Maria Saal 2"]

1. Nf3 Nf6 2. c4 g6 3. Nc3 Bg7 4. d4 O-O 5. e4 d6 6. Be2 e5 7. O-O Nc6 8. d5
Ne7 9. b4 Nh5 10. Re1 f5 11. Ng5 Nf6 12. Bf3 c6 13. Ba3 cxd5 14. cxd5 h6 15.
Ne6 Bxe6 16. dxe6 fxe4 17. Nxe4 Nxe4 18. Bxe4 d5 19. b5 dxe4 20. Qxd8 Rfxd8 21.
Bxe7 Re8 22. Bc5 Rxe6 23. Be3 b6 24. a4 Bf8 25. Rec1 Rd8 26. g3 Kf7 27. Rc7+
Re7 28. Rc4 Red7 29. Kg2 Rd5 30. Rac1 g5 31. Rxe4 Bc5 32. Bxc5 1/2-1/2

[Event "2. BUNDESLIGA MITTE"]
[Site "Steyregg, Fuerstenfeld/Sauwald/Villach, St. Veit/Glan, Graz"]
[Date "2015.10.03"]
[Round "2"]
[Board "2"]
[White "Handler, Lukas"]
[Black "Hajnal, Zoltan"]
[Result "1/2-1/2"]
[WhiteElo "2390"]
[BlackElo "2333"]
[PlyCount "181"]
[EventDate "2015.10.02"]
[EventType "team"]
[EventRounds "11"]
[EventCountry "AUT"]
[WhiteTeam "SC MPOE Maria Saal 2"]
[BlackTeam "ASK Case IH SteyrSt. Valentin"]

1. Nf3 {[%emt 0:00:00]} d5 {[%emt 0:00:00]} 2. g3 Nf6 3. Bg2 c6 4. O-O Bf5 5.
d3 h6 6. Nbd2 e6 7. Qe1 Be7 8. e4 Bh7 9. b3 O-O 10. Bb2 Nfd7 11. Qe2 Bf6 12. d4
c5 13. e5 Be7 14. c4 Nb6 15. Rac1 dxc4 16. bxc4 Na4 17. Ba1 Nc6 18. Nb3 Rc8 19.
Rfd1 cxd4 20. Nfxd4 Qb6 21. c5 Nxc5 22. Nxc6 bxc6 23. Bd4 Qa6 24. Qxa6 Nxa6 25.
Bxa7 Nb4 26. Rd7 Rfe8 27. Bc5 Bxc5 28. Nxc5 Nxa2 29. Rc4 Red8 30. Rd6 Rb8 31.
Bxc6 Rdc8 32. Bb7 Rc7 33. Na6 Rxc4 34. Nxb8 Be4 35. Rd8+ Kh7 36. Bxe4+ Rxe4 37.
Nd7 h5 38. f4 Kg6 39. Kf2 Nc3 40. Nf8+ Kf5 41. Rd7 Kg4 42. h3+ Kxh3 43. Rxf7
Nd1+ 44. Kf1 Kxg3 45. Nxe6 g6 46. Rd7 Ne3+ 47. Ke2 Nf5+ 48. Kd2 h4 49. Rh7 Ra4
50. Nf8 h3 51. Nxg6 Ra6 52. e6 Rxe6 53. Ne5 h2 54. Nf3 Rd6+ 55. Kc1 Kxf3 56.
Rxh2 Kxf4 57. Kc2 Ke4 58. Kc3 Rd3+ 59. Kc4 Ne3+ 60. Kc5 Rc3+ 61. Kd6 Nf5+ 62.
Ke6 Rc6+ 63. Kd7 Rg6 64. Rh1 Kd5 65. Kc7 Rg7+ 66. Kb6 Nd4 67. Rh5+ Kc4 68. Rh1
Rg6+ 69. Kc7 Nc6 70. Rh5 Nb4 71. Kd7 Ra6 72. Rh1 Nd3 73. Rh2 Kd5 74. Kc7 Rc6+
75. Kd8 Ne5 76. Rh1 Rc3 77. Ke7 Rc7+ 78. Kf6 Rf7+ 79. Kg5 Nf3+ 80. Kg6 Ke6 81.
Ra1 Ne5+ 82. Kg5 Rf5+ 83. Kh4 Rf6 84. Kg5 Rg6+ 85. Kf4 Rg4+ 86. Ke3 Nc4+ 87.
Kf3 Kf5 88. Ra8 Ne5+ 89. Ke3 Re4+ 90. Kd2 Rc4 91. Ke3 1/2-1/2